00460nam a22001337a 4500003000500000038001800005082000800023100001900031245010400050264003600154650003600190700004300226856005700269NUST aNusrat Nadeem a200 aAhmad, Nabila  aOptimization, Control and Management in Microgrids using Metaheuristic Algorithms /cNabila Ahmad,  aIslamabad;bUSPCASE NUSTc2025. aPhD-Energy Systems Engineering  aSupervisor: Dr. Hassan Abdullah Khalid uhttp://10.250.8.41:8080/xmlui/handle/123456789/56895